Six modern authors and problems of belief /

Bibliographic Details
Main Author: Grant, Patrick, 1941-
Format: Book
Language:English
Published: New York : Barnes & Noble, 1979.
Subjects:

MARC

Tag First Indicator Second Indicator Subfields
LEADER 00000pam a2200000 i 4500
001 in00000098834
005 20150926125528.0
008 790404s1979 nyu b 00110 eng
010 |a  79014511  
020 |a 0064925153 :  |c $23.50 
035 |a (OCoLC)04883704 
035 |9 AAL3510AM 
040 |a DLC  |c DLC  |d TXA  |d UtOrBLW 
043 |a e-uk--- 
049 |a TXAM  |c [1191257] 
050 0 0 |a PR479.B44  |b G7 1979 
082 0 |a 820/.9/38 
100 1 |a Grant, Patrick,  |d 1941- 
245 1 0 |a Six modern authors and problems of belief /  |c Patrick Grant. 
264 1 |a New York :  |b Barnes & Noble,  |c 1979. 
300 |a x, 175 pages ;  |c 23 cm. 
336 |a text  |b txt  |2 rdacontent 
337 |a unmediated  |b n  |2 rdamedia 
338 |a volume  |b nc  |2 rdacarrier 
504 |a Includes bibliographical references and index. 
650 0 |a English literature  |y 20th century  |x History and criticism. 
650 0 |a Belief and doubt in literature. 
999 |a MARS 
999 f f |s c8a8acbb-7903-3519-84a3-ab9a157376e4  |i b861870e-4754-3363-bbb5-f110460099c6  |t 0 
952 f f |p normal  |a Texas A&M University  |b College Station  |c Sterling C. Evans Library  |d Evans: Library Stacks  |t 0  |e PR479.B44 G7 1979  |h Library of Congress classification  |i unmediated -- volume  |m A14803851596 
998 f f |a PR479.B44 G7 1979  |t 0  |l Evans: Library Stacks